000 006720000a22002170004500
090 _aAR
_b01749
245 1 0 _aRodent dispersal of visicular - arbuscular mycorrhizal fungi in amazonian Peru
650 1 4 _aEcología
_992250
650 1 4 _aBosques tropicales
_992765
650 1 4 _aRoedores
_97408
650 1 4 _aDispersión de esporas
_995173
650 1 4 _aMicorrizas
_993270
651 4 _lParque Nacional Manu
_dMadre de Dios
_pPerú
_992749
653 _fEchimyidae
_gProechimys
653 _gOryzomys
041 0 _aInglés
700 1 _aEmmons, Louise H.
_97255
100 1 _aJanos, David P.
_995010
942 _cARTICULO
773 1 _tEcology
_357
_h6
_q1852-1858
_d1995
_g76
999 _c10828
_d10828